Iniciación musical 3 /

Guardado en:
Autor Principal: Bareilles, Oscar S.
Formato: Libro
Publicado: Buenos Aires : Kapelusz, 1969
Materias:
Etiquetas: Agregar Etiqueta
Sin Etiquetas, Sea el primero en etiquetar este registro!
LEADER 00543nam a22001695a 4500
001 CEM.cems000843
005 20060210000000.0
008 130507s1969##################000#0#####d
003 CEMS
082 0 4 |a 780.7 
100 1 |a Bareilles, Oscar S. 
245 1 0 |a Iniciación musical 3 /  |c Oscar S. Bareilles 
260 |a Buenos Aires :  |b Kapelusz,  |c 1969 
300 |a 150 p. 
653 |a Cultura musical 
859 |a CEMS  |b BIB. CEMS - 11 de abril  |h 780.7  |i B237  |p 11678.83  |t Ej.1  |v III  |3 III 
859 |a CEMS  |b BIB. CEMS - 11 de abril  |h 780.7  |i B237  |p 23541.06  |t Ej.2  |v III  |3 III